000 01003nam a2200289 4500
003 OSt
005 20260530113847.0
008 260422b1979 sp |||| |||| 00| 0 spa d
020 _a8425209196
040 _aICI
_bspa
_cICI
041 _aspa
050 _aT14.5
_bW54
100 1 _aWinner, Langdon,
_eautor
_930834
245 1 0 _aTecnología autónoma :
_bla técnica incontrolada como objeto del pensamiento político /
_cLangdon Winner ; version castellana de Ramón Font Segura y Alberto Cardín Garay
264 1 _aBarcelona :
_bGustavo Gili,
_c1979
300 _a383 páginas
336 _atexto
_2rdacontent
337 _asin medio
_2rdamedia
338 _avolumen
_2rdacarrier
490 0 _aColección Tecnología y sociedad
650 0 _aTecnología
_xAspectos sociales
_930835
650 0 _aTecnocracia
_xFilosofía
_930836
650 0 _aTecnología
_918120
700 _aFont Segura, Ramón,
_etraductor
_930837
700 _aCardín Garay, Alberto,
_etraductor
_930838
942 _2lcc
_cBK
_n1
999 _c11328
_d11328